000 00656naa a2200229 i 4500
001 98045
003 ES-MaBCM
005 20241016130501.0
008 040527s2004 fra 000 0 fre d
021 _axx
035 _a(OCoLC)1365178456
040 _cES-MaBCM
041 0 _afre
043 _afra
100 1 _aBerthet, Diane
_94882
245 1 0 _aLa désindustrialisation de l'Île-de-France?
_cDiane Berthet, Michel Ternisien
650 2 7 _aIndustrialización
_958980
651 4 _aFrancia
_9115364
700 1 _aTernisien, Michel
_946011
773 0 _aEn:
_tFuturibles
_dParis : 2004
_w104423
_gnº 297, mai, p. 31-47. - Loc. S.164
942 _cAREV
999 _c98045
_d98045